| 000 | 00971cam a22003017a 4500 | ||
|---|---|---|---|
| 003 | CHAP | ||
| 005 | 20220329142724.0 | ||
| 008 | 030227d2000 mx a r 00110 spa d | ||
| 010 | _a86851 | ||
| 011 | _a87823 | ||
| 020 | _a9688392979 | ||
| 035 | _a98367 | ||
| 040 | _cCHAP | ||
| 082 | 0 | 4 |
_a595.701 _bL53 |
| 100 | 0 | 0 |
_aLlanderal Cázares, Celina. _967251 |
| 245 | 1 | 0 |
_aIntroducción a la fisiología de insectos _c/por Celina LLanderal Cázares |
| 260 |
_aMontecillo, Edo.Méx. ; _bColegio de Posgraduados, _c2000. |
||
| 300 |
_a190 p. ; _bilus. |
||
| 590 |
_aBATCH-UPD _b10 _c20130110 _lUCH01 _h0617 |
||
| 590 |
_aBATCH-UPD _b10 _c20130410 _lUCH01 _h0259 |
||
| 590 |
_aBATCH-UPD _b10 _c20130914 _lUCH01 _h1647 |
||
| 590 |
_aCONVERSION _b10 _c20130109 _lUCH01 _h1348 |
||
| 650 | 1 | 4 |
_aInsectos _xAnatomía y fisiología. _958891 |
| 901 | _aBK | ||
| 905 | _aMayto Villalobos S. | ||
| 942 | _cLIBRO | ||
| 949 |
_a595.701 L53 _bBC _cLIBRO _d33724000883062 _eLIBRO _h37570 _i98367 _si |
||
| 999 |
_c86851 _d86851 |
||